| 000 | 00385nam a2200145Ia 4500 | ||
|---|---|---|---|
| 008 | 220216s9999 xx 000 0 und d | ||
| 100 | _aSchmidt U | ||
| 245 | 0 | _aChanges for the thermal utilization of waste rubber | |
| 260 |
_bKautschuk Gummi Kunststoffe _c1995 |
||
| 300 | _a244-253 | ||
| 650 | _aThermal utilization | ||
| 650 | _aWaste rubber | ||
| 700 | _aKreipe E | ||
| 942 | _cJS | ||
| 999 |
_c55309 _d55309 |
||